000 00477nam a22001815i 4500
001 54763
003 ES-MaACL
005 20230906163022.0
007 t|
008 960729s1873 fr ||||1| fre d
040 _aCAM
_bspa
_cCAM
100 1 _aGaboriau, Emile.
_953145
245 1 3 _aLa dégringolade /
_cpar Emile Gaboriau.
250 _a2e éd.
260 _aParis :
_bE. Dentu,
_c1873 (
_fimp. de E. Donnaud)
300 _a2 v. ;
_c19 cm.
852 _aES-MaACL
_jD-3166-7
999 _c54763
_d54763